| Tag |
First Indicator |
Second Indicator |
Subfields |
| LEADER |
00000cam a2200000 i 4500 |
| 001 |
in00003609821 |
| 005 |
20160104130033.0 |
| 008 |
150807s2015 scua 001 0 eng d |
| 010 |
|
|
|a 2015943179
|
| 035 |
|
|
|a (OCoLC)ocn916736812
|
| 040 |
|
|
|a DLC
|e rda
|c DLC
|
| 020 |
|
|
|a 9781626196865
|
| 020 |
|
|
|a 1626196869
|
| 050 |
0 |
0 |
|a PN2297.B67
|b H83 2015
|
| 049 |
|
|
|a TXAM
|
| 100 |
1 |
|
|a Hubbard, Rob
|c (Journalist),
|e author.
|
| 245 |
1 |
0 |
|a Brave New Workshop :
|b promiscuous hostility and laughs in the land of loons /
|c Rob Hubbard ; foreword by Al Franken.
|
| 264 |
|
1 |
|a Charleston, S.C. :
|b History Press,
|c 2015.
|
| 300 |
|
|
|a 175 pages :
|b illustrations ;
|c 23 cm.
|
| 336 |
|
|
|a text
|b txt
|2 rdacontent
|
| 337 |
|
|
|a unmediated
|b n
|2 rdamedia
|
| 338 |
|
|
|a volume
|b nc
|2 rdacarrier
|
| 500 |
|
|
|a Includes index.
|
| 520 |
|
|
|a In 1958, former circus aerialist Dudley Riggs opened a Minneapolis coffeehouse with a stage for performers and created an American comedic institution. What started as a way to draw customers on slow nights became the Brave New Workshop, a comedy theater sinking its satirical talons deep into the culture of Minneapolis-St. Paul for over half a century. This theater helped launch the careers of many talented performers, including satirist-turned-senator Al Franken and his Saturday Night Live partner in comedy, Tom Davis, as well as comedian Louie Anderson, Daily Show co-creator Lizz Winstead, screenwriter Pat Proft of the Naked Gun films and many others. Author Rob Hubbard tells the story of the hilarity, irreverence and imagination of the Brave New Workshop, a funhouse mirror to the world around it.
|
| 610 |
2 |
0 |
|a Brave New Workshop (Minneapolis, Minn.)
|x History.
|
| 650 |
|
0 |
|a Theatrical companies
|z Minnesota
|z Minneapolis
|x History.
|
| 650 |
|
0 |
|a Theater
|z Minnesota
|z Minneapolis
|x History.
|
| 700 |
1 |
|
|a Franken, Al,
|e writer of foreword.
|
| 945 |
|
|
|a PromptCat
|b 429917
|
| 946 |
|
|
|a stk
|
| 947 |
|
|
|a A14843343634
|
| 948 |
|
|
|a cataloged
|b h
|c 2016/1/4
|d c
|e dmitchel
|f 1:00:00 pm
|
| 994 |
|
|
|a 92
|b TXA
|
| 999 |
f |
f |
|s b177ab56-36aa-34cd-a817-c047e8643e44
|i 44b99df0-6983-3757-839c-0b39b58a8125
|t 0
|
| 952 |
f |
f |
|p normal
|a Texas A&M University
|b College Station
|c Sterling C. Evans Library
|d Evans: Library Stacks
|t 0
|e PN2297.B67 H83 2015
|h Library of Congress classification
|i unmediated -- volume
|m A14843343634
|
| 998 |
f |
f |
|a PN2297.B67 H83 2015
|t 0
|l Evans: Library Stacks
|